Halsbury's Laws of England: Lord Mackay of Clashfern, Lord High Chancellor Great Britain (1987-97) vol 19 . / (Record no. 5403)
[ view plain ]
| 000 -LEADER | |
|---|---|
| fixed length control field | 01207nam a22001697a 4500 |
| 008 - FIXED-LENGTH DATA ELEMENTS--GENERAL INFORMATION | |
| fixed length control field | 150126b xxu||||| |||| 00| 0 eng d |
| 022 ## - INTERNATIONAL STANDARD SERIAL NUMBER | |
| International Standard Serial Number | 9781405734806 |
| 050 ## - LIBRARY OF CONGRESS CALL NUMBER | |
| Classification number | KD310.H34 (5ed.vol.50) |
| 245 ## - TITLE STATEMENT | |
| Title | Halsbury's Laws of England: Lord Mackay of Clashfern, Lord High Chancellor Great Britain (1987-97) vol 19 . / |
| Statement of responsibility, etc. | edited by Richard Dey. |
| 250 ## - EDITION STATEMENT | |
| Edition statement | 5th ed. |
| 260 ## - PUBLICATION, DISTRIBUTION, ETC. | |
| Place of publication, distribution, etc. | London: |
| Name of publisher, distributor, etc. | Reed Elsevier, |
| Date of publication, distribution, etc. | 2008. |
| 300 ## - PHYSICAL DESCRIPTION | |
| Extent | 809p.: |
| Dimensions | 24cm. |
| 440 ## - SERIES STATEMENT/ADDED ENTRY--TITLE | |
| Title | Halsbury's Laws of England: Lord Mackay of Clasfern, Lord High Chancellor Great Britain(1987-97). / |
| Name of part/section of a work | Financial services and institutions |
| Volume/sequential designation | vol.50. |
| 500 ## - GENERAL NOTE | |
| General note | Includes index. |
| 505 ## - FORMATTED CONTENTS NOTE | |
| Formatted contents note | Contents:How to use Halsbury's Laws of England -- References and abbreviations -- Table of statutes -- Table of statutory instruments -- Table of civil procedure -- Table of European union legislation -- Table of conventions -- Table of cases -- Financial services and institutions:General introduction -- Financial services regulation -- Financial services regulation -- Banking -- Guarantee and indemnity -- Money -- Bills of exchange and other negotiable instruments -- Bills of sale -- Mutual societies -- Industrial and provident societies |
| 942 ## - ADDED ENTRY ELEMENTS (KOHA) | |
| Source of classification or shelving scheme | Library of Congress Classification |
| Koha item type | Books |
| Withdrawn status | Lost status | Source of classification or shelving scheme | Damaged status | Not for loan | Home library | Current library | Shelving location | Date acquired | Total Checkouts | Full call number | Barcode | Date last seen | Copy number | Price effective from | Koha item type |
|---|---|---|---|---|---|---|---|---|---|---|---|---|---|---|---|
| Library of Congress Classification | WISCONSIN INTERNATIONAL UNIVERSITY COLLEGE, GHANA - MAIN LIBRARY | WISCONSIN INTERNATIONAL UNIVERSITY COLLEGE, GHANA - MAIN LIBRARY | Law Library | 13/02/2015 | KD310.H34 (5e vol.50) | 2533/1530/15 | 13/02/2015 | 1 | 13/02/2015 | Books |
